1250 Ejercicios y juegos en baloncesto (Registro nro. 13910)
[ vista simple ]
| 000 -CABECERA | |
|---|---|
| Longitud fija campo de control | 00715nam a2200205 a 4500 |
| 003 - • IDENTIFICADOR DELl NÚMERO DE CONTROL | |
| Identificador del número de control | CO-ViMGA |
| 008 - • CÓDIGOS DE INFORMACIÓN DE LONGITUD FIJA | |
| Códigos de información de longitud fija | 141112s2004 ck r 000 u spa d |
| 040 ## - FUENTE DE LA CATALOGACIÓN | |
| Centro catalogador de origen | CO-ViMGA |
| Lengua de catalogación | spa |
| Centro transcriptor | CO-ViMGA |
| 082 04 - • NÚMERO DE LA CLASIFICACIÓN DECIMAL DEWEY | |
| Número de clasificación (R) | 796.323 O548 |
| 100 1# - • PUNTO DE ACCESO PRINCIPAL-NOMBRE DE PERSONA | |
| Nombre de persona | Oliviera Beltran, Javier |
| 245 10 - • TITULO PROPIAMENTE DICHO | |
| Título | 1250 Ejercicios y juegos en baloncesto |
| 250 ## - • MENCIÓN DE EDICIÓN | |
| Mención de edición | 3a |
| 300 ## - • DESCRIPCIÓN FÍSICA | |
| Extensión | 3 VOL |
| 490 ## - • MENCIÓN DE SERIE | |
| Mención de serie | Deporte |
| 505 ## - • NOTA DE CONTENIDO CON FORMATO | |
| Nota de contenido con formato | VOL.1, Bases teóricas y metodológicas. La iniciación VOL.2, Los fundamentos del juego y la evolución del jugador. Los tets VOL.3, La construcción de las fases del juego y el entrenamiento |
| 650 14 - • PUNTO DE ACCESO ADICIONAL DE MATERIA - TÉRMINO DE MATERIA | |
| Término de materia o nombre geográfico como elemento inicial | BALONCESTO - ENTRENAMIENTO |
| 942 ## - ENTRADA DE ELEMENTOS AGREGADOS (KOHA) | |
| Fuente de clasificaión o esquema | Dewey Decimal Classification |
| Koha [por defecto] tipo de item | LIbro |
| Perdido | Fuente de clasificación o esquema | Estado Físico | No para préstamo | Forma de adquisición | Localización permanente | Localización actual | Fecha adquisición | Serie de enumeración / cronolog&íacute;a | Préstamos totales | Signatura completa | Código de barras | Fecha última consulta | Número de copia | Fecha del precio de reemplazo | Tipo de item de Koha |
|---|---|---|---|---|---|---|---|---|---|---|---|---|---|---|---|
| Dewey Decimal Classification | Sala General Segundo Piso | Biblioteca Pública Germán Arciniegas - Villavicencio | Biblioteca Pública Germán Arciniegas - Villavicencio | 12/04/2015 | Volumen. 1 | 11/jun/2009 | 796.323 O548 | 1734 | 12/04/2015 | Ej. 1 | 12/04/2015 | LIbro | ||||
| Dewey Decimal Classification | Sala General Segundo Piso | Biblioteca Pública Germán Arciniegas - Villavicencio | Biblioteca Pública Germán Arciniegas - Villavicencio | 12/04/2015 | Volumen. 2 | 11/jun/2009 | 796.323 O548 | 1734 - 1 | 06/20/2017 | Ej. 2 | 12/04/2015 | LIbro | ||||
| Dewey Decimal Classification | Sala General Segundo Piso | Biblioteca Pública Germán Arciniegas - Villavicencio | Biblioteca Pública Germán Arciniegas - Villavicencio | 12/04/2015 | Volumen. 3 | 11/jun/2009 | 796.323 O548 | 1734 - 2 | 06/20/2017 | Ej. 3 | 12/04/2015 | LIbro |